Statistiques concernant Culture Générale - Série 307

Cliquez ici pour prendre le quiz!

Statistiques générales

  • Ce quiz a été pris 154 fois
  • Le résultat moyen est 5 sur 10

Statistiques - réponses

QuestionRéponse% Correct
Quel est le symbole chimique du fluor ?F
100%
Quelle est la nationalité de la cantatrice Natalie Dessay ?Française
73%
Quel crooner américain rend célèbre la chanson "Strangers in the Night" ?Frank Sinatra
66%
En 1964, quel chanteur se défend d'avoir volé l'orange du marchand ?Gilbert Bécaud
51%
Avec quels matériaux Christophe construit-il des marionnettes en 1965 ?Ficelle et papier
41%
Quelle émission animée par Christine Bravo révéla Tina Kieffer ?Frou-Frou
40%
Quelle locution d'origine latine signifie être "sur le même rang" ?Ex aequo
34%
Comment voyage le héros de la chanson de Gérard Manset en 1975 ?En solitaire
30%
En quel animal Guillaume Canet se déguise-t-il dans "Mon idole" ?En lapin
16%
Quel est le prénom de l'écrivain et dessinateur Cavanna ?François
15%

Distribution des résultats

Percentile par nombre de réponses

% des personnes avec chaque résultat

Votre développement - résultats

Vous n’avez pas pris ce quiz